000
00330nam a2200133Ia 4500
008
240624s9999 xx 000 0 und d
041
_a
eng
082
_a
658.49012 CAL
100
_a
CALKINS T
245
_a
DEFENDING YOUR BRAND HOW SMART COMPANIES
260
_c
2012
_b
Palgrave Macmillan
300
_a
294 p.
365
_c
ERU
_b
31
999
_c
31366
_d
31366